| 000 | 00992cam a2200265 a 4500 | ||
|---|---|---|---|
| 001 | 4715368 | ||
| 003 | ARRUPE | ||
| 005 | 20150116122932.0 | ||
| 008 | 831012s1984 ne a b 001 0 eng | ||
| 010 | _a 83021352 | ||
| 020 | _a9027716153 | ||
| 040 |
_aDLC _cDLC _dDLC |
||
| 050 | 0 | 0 |
_aQ174 _b.B67 vol. 82 _aQC7 |
| 082 | 0 | 0 |
_a530/.09 _219 |
| 245 | 0 | 0 |
_aPhysical sciences and history of physics / _cedited by R.S. Cohen and M.W. Wartofsky. |
| 260 |
_aDordrecht ; _aBoston : _bD. Reidel ; _aHingham, MA, U.S.A. : _bDistributed in the U.S.A. and Canada by Kluwer Academic Publishers, _cc1984. |
||
| 300 |
_aix, 259 p. : _bill. ; _c23 cm. |
||
| 440 | 0 |
_aBoston studies in the philosophy of science ; _vv. 82 _914124 |
|
| 504 | _aIncludes bibliographical references and index. | ||
| 650 | 0 |
_aPhysics _xHistory. _913654 |
|
| 700 | 1 |
_aCohen, R. S. _q(Robert Sonné) _914125 |
|
| 700 | 1 |
_aWartofsky, Marx W. _914126 |
|
| 906 |
_a7 _bcbc _corignew _d1 _eocip _f19 _gy-gencatlg |
||
| 942 |
_2lcc _cMONOGRAPH |
||
| 999 |
_c121730 _d121730 |
||